• 首页
  • 本馆介绍
  • 公告通知
  • 最新文献
  • 馆藏检索
  • 电子资源
  • 读者导购
  • 参考咨询
  • 我的图书馆
  • 登录
  • 详细信息显示
  • 放入我的书架
  • 预约/预借图书
  • 作者相关作品
  • 分类相关作品
  • 丛书相关作品
  • 出版社相关作品

书目信息

  • 表格格式
  • 工作单格式
  • 卡片格式
题名:
食用菌病虫识别与防治原色图谱
    
 
作者: 宋金俤 , 曲绍轩 , 马林 主编
分册:  
出版信息: 北京   中国农业出版社  2013
页数: 154页
开本: 21cm
丛书名:
单 册:
中图分类: S436.46-64
科图分类:
主题词: 食用菌--图谱--病虫害防治 , 食用菌--图谱--病虫害防治
电子资源:
ISBN: 978-7-109-17785-7
000 01056nam0 2200277 450
001 786
005 20160908105009.39
005 20131016142942.0
005 20131023165515
010    @a978-7-109-17785-7@dCNY30.00
100    @a20130718d2013 em y0chiy0110 ea
101 0  @achi
102    @aCN@b110000
105    @aa z 000yy
200 1  @a食用菌病虫识别与防治原色图谱@9shi yong jun bing chong shi bie yu fang zhi yuan se tu pu@b专著@f宋金俤,曲绍轩,马林主编
210    @a北京@c中国农业出版社@d2013
215    @a154页@d21cm
330    @a本书对食用菌病虫害作了系统研究,针对食用菌不同种类的特点进行物理防控研究和生物药剂筛选,并进行多项防控技术集成,形成了各栽培种类病虫害绿色环保的防控体系。书中采用了300多幅图片,着重介绍了病虫危害状况和防控措施。
606 0  @a食用菌@j图谱@x病虫害防治
606    @a食用菌@j图谱@x病虫害防治
690    @aS436.46-64@v5
701  0 @a宋金俤@9song jin di@4主编
701  0 @a曲绍轩@9qu shao xuan@4主编
701  0 @a马林@9ma lin@4主编
801  0 @aCN@b唐山师范学院图书馆@c20160723
905    @aZUCC@dS436.46-64@e122
    
    食用菌病虫识别与防治原色图谱/宋金俤,曲绍轩,马林主编.-北京:中国农业出版社,2013
    154页;21cm
    
    
    ISBN 978-7-109-17785-7:CNY30.00
    本书对食用菌病虫害作了系统研究,针对食用菌不同种类的特点进行物理防控研究和生物药剂筛选,并进行多项防控技术集成,形成了各栽培种类病虫害绿色环保的防控体系。书中采用了300多幅图片,着重介绍了病虫危害状况和防控措施。
●
相关链接 在E读中查询图书 在五车中查询图书 在当当中查询图书 在豆瓣中查询图书


正题名:食用菌病虫识别与防治原色图谱     索取号:S436.46-64/122         预约/预借

序号 登录号 条形码 馆藏地/架位号 状态 备注
1 0903439   209034392   第三借阅区/ [索取号:S436.46-64/122] 在馆    
2 903435   209034356   第二样本阅览室/ [索取号:S436.46-64/122] 在馆    
3 903436   209034365   密集书库-生命科学系/ [索取号:S436.46-64/122] 在馆    
4 903437   209034374   第三借阅区/ [索取号:S436.46-64/122] 在馆    
5 903438   209034383   第三借阅区/ [索取号:S436.46-64/122] 在馆    
唐山师范学院图书馆 欢迎您!
大连网信软件有限公司© 版权所有